000 00670nam a22002057a 4500
001 211454
003 AM-YEHGA
005 20250618080121.0
008 030814s1960 ai ||||gr|||||||||0|arm|d
040 _aAM-YeHGA
041 0 _aarm
100 1 _aԱլազան, Վահրամ Մարտիրոսի,
_d1903-1966
_978
245 1 0 _aՀուշեր /
_cՎ.Մ. Ալազան ; Խմբ.՝ Ս. Սարգսյան.
260 _aԵրևան :
_bՀայպետհրատ,
_c1960.
300 _a268 էջ :
_bդիմանկ. ;
_c20 սմ.
650 1 4 _aՀայ գրականություն
_xՀուշեր
_94536
700 1 _aՍարգսյան, Ս.
_eխմբ.
_4edt
942 _2udc
_cBK
090 _c566175
999 _c528008
_d528008